[Event "BALKAN AMATEUR CHESS FESTIVAL"]
[Site "Belogradchik, hotel Skalite"]
[Date "2010.09.08"]
[Round "4.8"]
[White "Todorov, Todor"]
[Black "Tashkov, Rumen"]
[Result "1/2-1/2"]
[WhiteElo "2151"]
[BlackElo "2239"]
[PlyCount "62"]
[EventDate "2010.09.06"]

1. d4 d6 2. Nf3 g6 3. e4 Bg7 4. Bc4 Nf6 5. Qe2 O-O 6. Nc3 Bg4 7. e5 dxe5 8.
dxe5 Nfd7 9. e6 Ne5 10. exf7+ Kh8 11. Bh6 Nbc6 12. Rd1 Qc8 13. Bxg7+ Kxg7 14.
Bd5 Qf5 15. Qe4 Qxe4+ 16. Bxe4 Bxf3 17. gxf3 Rxf7 18. Nb5 e6 19. f4 Rxf4 20.
Bxc6 bxc6 21. Nxc7 Re4+ 22. Kf1 Rb8 23. Nxe6+ Kf6 24. Nc5 Rc4 25. Rd6+ Kf7 26.
Nd7 Nxd7 27. Rxd7+ Kf6 28. b3 Rxc2 29. Rxa7 Rb5 30. h4 Rf5 31. Rh2 Rh5 1/2-1/2

[Event "BALKAN AMATEUR CHESS FESTIVAL"]
[Site "Belogradchik, hotel Skalite"]
[Date "2010.09.08"]
[Round "4.9"]
[White "Panayotov, Yanko"]
[Black "Angelov, Boyan"]
[Result "1-0"]
[WhiteElo "2233"]
[BlackElo "2062"]
[PlyCount "38"]
[EventDate "2010.09.06"]

1. Nf3 Nf6 2. c4 e6 3. d4 d5 4. Nc3 Be7 5. g3 O-O 6. Bg2 Nbd7 7. cxd5 exd5 8.
O-O c6 9. Rb1 a5 10. a3 Re8 11. b4 axb4 12. axb4 b5 13. Re1 Bd6 14. e4 dxe4 15.
Ng5 Nd5 16. Ncxe4 Bxb4 17. Rxb4 f5 18. Nd6 Rxe1+ 19. Qxe1 Nxb4 1-0

[Event "BALKAN AMATEUR CHESS FESTIVAL"]
[Site "Belogradchik, hotel Skalite"]
[Date "2010.09.08"]
[Round "4.10"]
[White "Cernea, Radu"]
[Black "Mishev, Liubomir"]
[Result "1/2-1/2"]
[WhiteElo "2039"]
[BlackElo "2232"]
[PlyCount "61"]
[EventDate "2010.09.06"]

1. d4 Nf6 2. c4 d6 3. Nc3 Nbd7 4. e4 e5 5. d5 Be7 6. Be3 O-O 7. Bd3 Re8 8. h3
h6 9. Nge2 Nf8 10. Qd2 Ng6 11. O-O-O a6 12. g3 Bd7 13. f4 b5 14. f5 Nf8 15.
Rdg1 c6 16. g4 N6h7 17. Rg2 Bh4 18. Ng1 Rc8 19. Kb1 b4 20. Nd1 cxd5 21. cxd5
Qa5 22. Nf3 Bf6 23. h4 Bb5 24. g5 Bxd3+ 25. Qxd3 hxg5 26. hxg5 Bd8 27. g6 fxg6
28. fxg6 Nf6 29. Bd2 Qb5 30. Qxb5 axb5 31. Nf2 1/2-1/2

[Event "BALKAN AMATEUR CHESS FESTIVAL"]
[Site "Belogradchik, hotel Skalite"]
[Date "2010.09.08"]
[Round "4.11"]
[White "Vlashki, Nino"]
[Black "Kolev, Vasil"]
[Result "1-0"]
[WhiteElo "2230"]
[BlackElo "2029"]
[PlyCount "33"]
[EventDate "2010.09.06"]

1. e4 c5 2. Nf3 d6 3. Bb5+ Bd7 4. Bxd7+ Qxd7 5. c4 Qg4 6. O-O Qxe4 7. d4 Nc6 8.
Nc3 Qf5 9. Nb5 Qd7 10. dxc5 dxc5 11. Bf4 O-O-O 12. Qa4 Qg4 13. Bg3 a6 14. Rad1
Rxd1 15. Rxd1 Nf6 16. Qa5 Ne8 17. Qd8+ 1-0

[Event "BALKAN AMATEUR CHESS FESTIVAL"]
[Site "Belogradchik, hotel Skalite"]
[Date "2010.09.08"]
[Round "4.12"]
[White "Primbetov, Kazbek"]
[Black "Olea, Liliana"]
[Result "1-0"]
[WhiteElo "2221"]
[BlackElo "2015"]
[PlyCount "49"]
[EventDate "2010.09.06"]

1. e4 e5 2. Nf3 Nc6 3. Bb5 a6 4. Ba4 Nf6 5. O-O b5 6. Bb3 Be7 7. Re1 O-O 8. a4
Bb7 9. d3 d6 10. Nbd2 Nd7 11. a5 Nc5 12. Bd5 Qc8 13. Nf1 Nd8 14. Ba2 Nce6 15.
Ne3 Nf4 16. Nf5 Ng6 17. h4 Re8 18. h5 Nf4 19. d4 Nxh5 20. dxe5 Bf8 21. Ng5 h6
22. exd6 cxd6 23. Nxd6 Bxd6 24. Qxd6 Qxc2 25. Qd7 1-0

[Event "BALKAN AMATEUR CHESS FESTIVAL"]
[Site "Belogradchik, hotel Skalite"]
[Date "2010.09.08"]
[Round "4.13"]
[White "Milchev, Miroslav"]
[Black "Enchev, Evgeni"]
[Result "1/2-1/2"]
[WhiteElo "2200"]
[BlackElo "1984"]
[PlyCount "69"]
[EventDate "2010.09.06"]

1. d4 Nf6 2. c4 g6 3. Nc3 Bg7 4. e4 d6 5. Nf3 O-O 6. Be2 e5 7. dxe5 dxe5 8.
Qxd8 Rxd8 9. Bg5 Re8 10. Nd5 Nxd5 11. cxd5 c6 12. Bc4 cxd5 13. Bxd5 Nc6 14. O-O
Nb4 15. Bb3 Be6 16. Rfd1 Bxb3 17. axb3 Nc2 18. Rac1 Nd4 19. Nxd4 exd4 20. f3
Re5 21. Bh4 Rb5 22. Rd3 Be5 23. Bf2 Rd8 24. Rc4 Rd6 25. g3 g5 26. b4 a5 27.
bxa5 Rxb2 28. Bxd4 Bxd4+ 29. Rdxd4 Rh6 30. h4 gxh4 31. gxh4 Rxh4 32. Rb4 Ra2
33. Ra4 Re2 34. Rdb4 Rhh2 35. Rxb7 1/2-1/2

[Event "BALKAN AMATEUR CHESS FESTIVAL"]
[Site "Belogradchik, hotel Skalite"]
[Date "2010.09.08"]
[Round "4.14"]
[White "Sgircea, Silvia Raluca"]
[Black "Krustev, Vasil"]
[Result "1-0"]
[WhiteElo "2192"]
[BlackElo "2012"]
[PlyCount "56"]
[EventDate "2010.09.06"]

1. Nf3 Nf6 2. c4 g6 3. Nc3 d5 4. cxd5 Nxd5 5. d4 Bg7 6. e4 Nxc3 7. bxc3 c5 8.
Bb5+ Bd7 9. Bxd7+ Qxd7 10. O-O O-O 11. Be3 cxd4 12. cxd4 Nc6 13. Rb1 Na5 14.
Qe2 Rac8 15. d5 Qa4 16. Bxa7 Rc2 17. Qb5 Qxa2 18. Bc5 Bf6 19. d6 Nc6 20. e5 Qd5
21. Ba3 Qxb5 22. Rxb5 Bh8 23. dxe7 Re8 24. Rxb7 Nxe5 25. Nd4 Rd2 26. Nb5 Nc6
27. Nc7 Rd7 28. Nxe8 Rxb7 1-0

[Event "BALKAN AMATEUR CHESS FESTIVAL"]
[Site "Belogradchik, hotel Skalite"]
[Date "2010.09.08"]
[Round "4.15"]
[White "Janchev, Petar"]
[Black "Dimitrijevic, Dragan"]
[Result "1-0"]
[WhiteElo "2186"]
[BlackElo "1978"]
[PlyCount "81"]
[EventDate "2010.09.06"]

1. d4 Nf6 2. c4 c5 3. Nf3 g6 4. Nc3 Bg7 5. e4 cxd4 6. Nxd4 d6 7. Be2 O-O 8. O-O
Nc6 9. Be3 Bd7 10. Nc2 Be6 11. Rb1 a5 12. f3 a4 13. Qd2 Ne5 14. Na3 h5 15. Rfc1
Re8 16. Nd5 Nfd7 17. Nb5 Rf8 18. Ndc7 Rc8 19. Nxe6 fxe6 20. Nd4 Nc5 21. b4 axb3
22. axb3 Nc6 23. Nxc6 Rxc6 24. b4 Nd7 25. c5 dxc5 26. bxc5 Qc8 27. Qb4 Rc7 28.
f4 e5 29. f5 gxf5 30. exf5 Rxf5 31. Bf3 e4 32. Bxe4 Rfxc5 33. Bxc5 Nxc5 34.
Bxb7 Rxb7 35. Qc4+ e6 36. Rxb7 Qxb7 37. Qxc5 Qb2 38. Qc8+ Kf7 39. Qd7+ Kf6 40.
Rf1+ Ke5 41. Qxg7+ 1-0

[Event "BALKAN AMATEUR CHESS FESTIVAL"]
[Site "Belogradchik, hotel Skalite"]
[Date "2010.09.08"]
[Round "4.16"]
[White "Krastev, Krasimir"]
[Black "Ivanov, Stoyan E"]
[Result "0-1"]
[WhiteElo "1973"]
[BlackElo "2176"]
[PlyCount "44"]
[EventDate "2010.09.06"]

1. d4 Nf6 2. Nf3 d5 3. c4 dxc4 4. Nc3 c5 5. d5 e6 6. e4 b5 7. e5 Nxd5 8. Nxb5
Qa5+ 9. Nc3 Nxc3 10. bxc3 Be7 11. Qc2 O-O 12. Bxc4 Bb7 13. Bd3 h6 14. O-O Nd7
15. Re1 Rad8 16. Be4 Ba6 17. Be3 Nb6 18. Qc1 f5 19. exf6 Bxf6 20. Bxh6 Qxc3 21.
Qf4 Qxa1 22. Bxg7 Rd1 0-1

[Event "BALKAN AMATEUR CHESS FESTIVAL"]
[Site "Belogradchik, hotel Skalite"]
[Date "2010.09.08"]
[Round "4.17"]
[White "Danov, Lyumobir"]
[Black "Dichev, Nedelcho"]
[Result "1/2-1/2"]
[WhiteElo "1941"]
[BlackElo "2163"]
[PlyCount "86"]
[EventDate "2010.09.06"]

1. e4 c5 2. c3 Nf6 3. e5 Nd5 4. d4 cxd4 5. Nf3 Nc6 6. cxd4 d6 7. Bc4 Nb6 8. Bb5
d5 9. O-O Bf5 10. Nh4 Bxb1 11. Rxb1 e6 12. Qg4 g6 13. Bg5 Be7 14. Bxe7 Qxe7 15.
f4 Nc4 16. Bxc4 dxc4 17. Nf3 O-O-O 18. Rfd1 Kb8 19. Qg3 Rd5 20. Qe1 Rhd8 21.
Qc3 Qb4 22. Rd2 b5 23. Rbd1 h6 24. Ne1 a5 25. Nc2 Qxc3 26. bxc3 b4 27. Rb1 Ka7
28. cxb4 axb4 29. Nxb4 Nxb4 30. Rxb4 Rxd4 31. Rxd4 Rxd4 32. g3 g5 33. fxg5 hxg5
34. Kf2 Re4 35. Kf3 Rxe5 36. Rxc4 f5 37. h4 gxh4 38. gxh4 Ra5 39. a4 e5 40. h5
Ra6 41. Rc5 Re6 42. a5 Ka6 43. Rd5 Rh6 1/2-1/2

[Event "BALKAN AMATEUR CHESS FESTIVAL"]
[Site "Belogradchik, hotel Skalite"]
[Date "2010.09.08"]
[Round "4.18"]
[White "Bochev, Krasimir"]
[Black "Ivanov, Ljubomir"]
[Result "1/2-1/2"]
[WhiteElo "2143"]
[BlackElo "1973"]
[PlyCount "118"]
[EventDate "2010.09.06"]

1. Nf3 c5 2. c4 g6 3. d4 cxd4 4. Nxd4 Bg7 5. g3 Nc6 6. Nc2 Qb6 7. Nd2 d6 8. Bg2
Bd7 9. O-O Rc8 10. Ne3 Nf6 11. Rb1 O-O 12. b3 Ne5 13. Bb2 Bc6 14. Nf3 Nxf3+ 15.
exf3 Rfd8 16. Qe2 e6 17. Rbd1 Ne8 18. Rfe1 Qa5 19. Bxg7 Nxg7 20. Qb2 Qh5 21.
Rd4 Qa5 22. Red1 Nf5 23. b4 Qe5 24. f4 Qf6 25. Nxf5 gxf5 26. Qe2 Bxg2 27. Kxg2
Qe7 28. Qd3 b6 29. Re1 Qb7+ 30. Kg1 a5 31. bxa5 bxa5 32. Rxd6 Rxd6 33. Qxd6 Qb4
34. Qxb4 axb4 35. Rc1 Kf8 36. c5 Ke7 37. Rc4 Rc7 38. Kg2 Kd7 39. Rxb4 Rxc5 40.
Rb7+ Ke8 41. Ra7 Kf8 42. a4 Kg7 43. a5 Rc2 44. a6 Ra2 45. Ra8 Ra3 46. a7 Ra2
47. Kf3 Ra3+ 48. Ke2 Ra2+ 49. Ke3 Ra3+ 50. Kd4 Ra4+ 51. Ke5 Ra1 52. h4 h5 53.
Kd6 Ra6+ 54. Kd7 Ra2 55. f3 Rd2+ 56. Kc6 Rc2+ 57. Kb5 Rb2+ 58. Kc4 Ra2 59. Kb3
Ra6 1/2-1/2

[Event "BALKAN AMATEUR CHESS FESTIVAL"]
[Site "Belogradchik, hotel Skalite"]
[Date "2010.09.08"]
[Round "4.19"]
[White "Vladimirov, Vladimir"]
[Black "Stankov, Apostol"]
[Result "1-0"]
[WhiteElo "2142"]
[BlackElo "1926"]
[PlyCount "71"]
[EventDate "2010.09.06"]

1. e4 c5 2. Nc3 d6 3. Nf3 Nf6 4. d4 cxd4 5. Nxd4 a6 6. f3 e5 7. Nb3 b5 8. Be3
Be6 9. Qd2 Be7 10. O-O-O Nbd7 11. Kb1 Nb6 12. Qf2 Nfd7 13. f4 Qc7 14. f5 Bc4
15. a3 Rb8 16. Bd3 Nf6 17. h3 O-O 18. g4 d5 19. g5 Nfd7 20. f6 Bd8 21. exd5 Na4
22. Ne4 Bxd5 23. fxg7 Kxg7 24. Qf5 Rh8 25. Rhf1 b4 26. axb4 Rxb4 27. Nf6 Be6
28. Qf3 Nxf6 29. gxf6+ Kf8 30. Qg3 Bxf6 31. Rxf6 Nc3+ 32. bxc3 Qxc3 33. Bh6+
Ke7 34. Rxe6+ fxe6 35. Qg7+ Kd6 36. Be4+ 1-0

[Event "BALKAN AMATEUR CHESS FESTIVAL"]
[Site "Belogradchik, hotel Skalite"]
[Date "2010.09.07"]
[Round "3.1"]
[White "Popov, Ilian"]
[Black "Andreev, Stanislav"]
[Result "1/2-1/2"]
[WhiteElo "2247"]
[BlackElo "2163"]
[PlyCount "57"]
[EventDate "2010.09.06"]

1. e4 c6 2. d4 d5 3. exd5 cxd5 4. Bd3 Nf6 5. c3 Bg4 6. Qb3 Qd7 7. Bf4 Nc6 8.
Nd2 e6 9. Ngf3 Bxf3 10. Nxf3 Bd6 11. Bxd6 Qxd6 12. O-O O-O 13. Rfe1 Qc7 14. Re2
Rfc8 15. Ne5 Nxe5 16. dxe5 Nd7 17. Qc2 g6 18. Rae1 Nc5 19. Re3 Nxd3 20. Qxd3
Qc4 21. Qxc4 Rxc4 22. Kf1 Kf8 23. Ke2 Ke7 24. g3 Rac8 25. h4 h5 26. Rd3 Re4+
27. Re3 Rec4 28. Rd3 Re4+ 29. Re3 1/2-1/2

[Event "BALKAN AMATEUR CHESS FESTIVAL"]
[Site "Belogradchik, hotel Skalite"]
[Date "2010.09.07"]
[Round "3.2"]
[White "Ilchev, Plamen"]
[Black "Panayotov, Yanko"]
[Result "1-0"]
[WhiteElo "2118"]
[BlackElo "2233"]
[PlyCount "75"]
[EventDate "2010.09.06"]

1. g3 c5 2. Bg2 Nc6 3. c4 Nf6 4. Nc3 g6 5. Nf3 Bg7 6. O-O O-O 7. d4 cxd4 8.
Nxd4 Nxd4 9. Qxd4 d6 10. Qd2 Rb8 11. e4 a6 12. b3 b5 13. cxb5 axb5 14. Bb2 b4
15. Nd5 Nxd5 16. Bxg7 Kxg7 17. Qxd5 Qb6 18. Rad1 Ba6 19. Rfe1 Rfc8 20. Rc1 Rxc1
21. Rxc1 Rc8 22. Rxc8 Bxc8 23. Bf1 Bb7 24. Qc4 e6 25. Be2 Bc6 26. Kf1 d5 27.
exd5 exd5 28. Qc1 Bd7 29. a4 d4 30. Bc4 Qc6 31. Qf4 Bh3+ 32. Ke2 Qd7 33. a5 Bf5
34. a6 f6 35. Kd2 d3 36. Qe3 Qc7 37. a7 g5 38. a8=Q 1-0

[Event "BALKAN AMATEUR CHESS FESTIVAL"]
[Site "Belogradchik, hotel Skalite"]
[Date "2010.09.07"]
[Round "3.3"]
[White "Ivelinov, Hristo"]
[Black "Bochev, Krasimir"]
[Result "1-0"]
[WhiteElo "2221"]
[BlackElo "2143"]
[PlyCount "59"]
[EventDate "2010.09.06"]

1. d4 g6 2. c4 Bg7 3. Nc3 c5 4. d5 d6 5. Nf3 Nf6 6. h3 O-O 7. e4 e6 8. Bd3 Re8
9. O-O Na6 10. Bg5 h6 11. Be3 Nc7 12. Qd2 exd5 13. exd5 Kh7 14. a3 Qe7 15. Rfe1
Qf8 16. b4 b6 17. bxc5 bxc5 18. Rab1 Nd7 19. Na4 Ne5 20. Nxe5 Bxe5 21. Qa5 Na6
22. Nc3 f5 23. f4 Bf6 24. Nb5 Rb8 25. Bf2 Rb6 26. Nxa7 Rxb1 27. Rxb1 Bd8 28.
Qa4 Bf6 29. Nxc8 Rxc8 30. Qxa6 1-0

[Event "BALKAN AMATEUR CHESS FESTIVAL"]
[Site "Belogradchik, hotel Skalite"]
[Date "2010.09.07"]
[Round "3.4"]
[White "Heredia Serrano, Carla"]
[Black "Dobrev, Naiden"]
[Result "0-1"]
[WhiteElo "2096"]
[BlackElo "2206"]
[PlyCount "46"]
[EventDate "2010.09.06"]

1. e4 c5 2. Nf3 e6 3. d4 cxd4 4. Nxd4 a6 5. Bd3 Qc7 6. O-O Nf6 7. Qe2 d6 8. c4
Nbd7 9. f4 g6 10. f5 e5 11. Nc2 gxf5 12. Rxf5 Be7 13. Bg5 h6 14. Bh4 Rg8 15.
Ne3 Rg6 16. Nc3 Nb6 17. Rff1 Ng4 18. Kh1 Qc5 19. Rae1 Qxe3 20. Qxe3 Nxe3 21.
Rxe3 Rg7 22. Nd5 Nxd5 23. exd5 Bg4 0-1

[Event "BALKAN AMATEUR CHESS FESTIVAL"]
[Site "Belogradchik, hotel Skalite"]
[Date "2010.09.07"]
[Round "3.5"]
[White "Ninov, Dayan"]
[Black "Sgircea, Silvia Raluca"]
[Result "1-0"]
[WhiteElo "2033"]
[BlackElo "2192"]
[PlyCount "53"]
[EventDate "2010.09.06"]

1. d4 d5 2. Nf3 Nf6 3. g3 g6 4. Bg2 Bg7 5. O-O O-O 6. c4 dxc4 7. Na3 c3 8. bxc3
c5 9. e3 Nc6 10. Nc4 Bf5 11. Ba3 cxd4 12. cxd4 Rc8 13. Nce5 Be4 14. Qa4 Nd5 15.
Rac1 Nb6 16. Nxc6 Bxc6 17. Qa5 Bf6 18. Nd2 Bxg2 19. Kxg2 Nd7 20. Qd5 Rb8 21.
Rc2 b5 22. Rb1 a6 23. Ne4 Re8 24. Rc6 Rb6 25. Rbc1 Kg7 26. Nxf6 exf6 27. Rc7
1-0

[Event "BALKAN AMATEUR CHESS FESTIVAL"]
[Site "Belogradchik, hotel Skalite"]
[Date "2010.09.07"]
[Round "3.6"]
[White "Todorov, Momchil"]
[Black "Vladimirov, Vladimir"]
[Result "1-0"]
[WhiteElo "2191"]
[BlackElo "2142"]
[PlyCount "79"]
[EventDate "2010.09.06"]

1. d4 Nf6 2. c4 e6 3. Nf3 Bb4+ 4. Bd2 Bxd2+ 5. Qxd2 O-O 6. Nc3 d6 7. e4 Nc6 8.
Be2 e5 9. d5 Ne7 10. h4 Bg4 11. Ng1 Bxe2 12. Ngxe2 Qd7 13. f3 c6 14. g4 cxd5
15. cxd5 Rfc8 16. h5 b5 17. Nd1 Rc5 18. Ne3 Rac8 19. Kf2 h6 20. Rac1 Nh7 21. b4
Rxc1 22. Rxc1 a6 23. Kg2 Kf8 24. Ng3 Rxc1 25. Qxc1 Qc8 26. Qd2 Nf6 27. Nef5
Nxf5 28. Nxf5 Qc7 29. g5 Nxh5 30. gxh6 Kg8 31. hxg7 Nf4+ 32. Kg3 Qd8 33. Qh2
Qg5+ 34. Kf2 Ng6 35. Qh6 Qd8 36. Kg3 Qf6 37. Kg4 Qd8 38. Qg5 Qb6 39. Qc1 Kh7
40. Qh6+ 1-0

[Event "BALKAN AMATEUR CHESS FESTIVAL"]
[Site "Belogradchik, hotel Skalite"]
[Date "2010.09.07"]
[Round "3.7"]
[White "Tscharotschkin, Michael"]
[Black "Vasilev, Plamen"]
[Result "1-0"]
[WhiteElo "2179"]
[BlackElo "2102"]
[PlyCount "59"]
[EventDate "2010.09.06"]

1. Nf3 Nf6 2. g3 g6 3. Bg2 Bg7 4. c4 O-O 5. O-O c6 6. d4 d5 7. cxd5 Nxd5 8. Nc3
Nxc3 9. bxc3 Nd7 10. e4 c5 11. Be3 cxd4 12. cxd4 Nb6 13. Rc1 Bd7 14. Qd2 Bb5
15. Rfe1 Qd7 16. Rc5 Rfc8 17. Qb4 Rxc5 18. dxc5 a5 19. Qb3 a4 20. Qb4 Nc8 21.
Rb1 Na7 22. e5 Bc6 23. Nd4 Bxg2 24. Kxg2 Nc6 25. Qxb7 Qxb7 26. Rxb7 Nd8 27.
Rxe7 Kf8 28. Bg5 Rc8 29. Rd7 Bxe5 30. Bxd8 1-0

[Event "BALKAN AMATEUR CHESS FESTIVAL"]
[Site "Belogradchik, hotel Skalite"]
[Date "2010.09.07"]
[Round "3.8"]
[White "Ivanov, Ljubomir"]
[Black "Mladenov, Emil"]
[Result "0-1"]
[WhiteElo "1973"]
[BlackElo "2169"]
[PlyCount "92"]
[EventDate "2010.09.06"]

1. d4 d6 2. c4 e5 3. Nf3 Nc6 4. Nc3 g6 5. Bg5 f6 6. Be3 Nh6 7. d5 Ne7 8. Qa4+
Bd7 9. Qb3 b6 10. g3 Nf7 11. h4 h6 12. Bh3 f5 13. Bd2 Bg7 14. e4 O-O 15. O-O-O
fxe4 16. Nxe4 Bxh3 17. Rxh3 Qd7 18. Rhh1 Nd8 19. Qd3 Nb7 20. h5 Qg4 21. Nh4 g5
22. Ng6 Nxg6 23. hxg6 Rf3 24. Be3 Nc5 25. Nxc5 bxc5 26. Qb3 Qc8 27. Qc2 Rb8 28.
Rd3 Qe8 29. Ra3 e4 30. Rb3 Rb6 31. Re1 Qxg6 32. Rxb6 axb6 33. Bd2 Rxf2 34. Qxe4
Qxe4 35. Rxe4 Bxb2+ 36. Kxb2 Rxd2+ 37. Kb3 Kf7 38. Re6 Rh2 39. g4 h5 40. gxh5
Rxh5 41. Ka4 g4 42. Kb5 g3 43. Re2 Rg5 44. Rg2 Kf6 45. Kc6 Rg7 46. a4 Ke5 0-1

[Event "BALKAN AMATEUR CHESS FESTIVAL"]
[Site "Belogradchik, hotel Skalite"]
[Date "2010.09.07"]
[Round "3.9"]
[White "Ivanov, Stoyan E"]
[Black "Tashkov, Rumen"]
[Result "1/2-1/2"]
[WhiteElo "2176"]
[BlackElo "2239"]
[PlyCount "52"]
[EventDate "2010.09.06"]

1. e4 d6 2. Nf3 g6 3. d4 Bg7 4. c4 Nf6 5. Nc3 O-O 6. Be2 Nbd7 7. h3 e5 8. dxe5
dxe5 9. Be3 c6 10. Qc2 Qe7 11. O-O-O Re8 12. Kb1 Nc5 13. Nd2 a5 14. Rhf1 Ne6
15. Nf3 Nf4 16. Rg1 Nxe2 17. Qxe2 a4 18. c5 a3 19. b3 Nh5 20. Rd6 h6 21. Qd2
Kh7 22. Nh2 Nf4 23. Nf3 Nh5 24. Nh2 Nf4 25. Nf3 Nh5 26. Nh2 Nf4 1/2-1/2

[Event "BALKAN AMATEUR CHESS FESTIVAL"]
[Site "Belogradchik, hotel Skalite"]
[Date "2010.09.07"]
[Round "3.10"]
[White "Turcu, Iulian"]
[Black "Todorov, Todor"]
[Result "0-1"]
[WhiteElo "2237"]
[BlackElo "2151"]
[PlyCount "51"]
[EventDate "2010.09.06"]

1. d4 d5 2. Nf3 Nf6 3. e3 Bf5 4. Bd3 Bxd3 5. Qxd3 c6 6. O-O e6 7. Nbd2 Be7 8.
Re1 O-O 9. b3 Nbd7 10. Bb2 Ne8 11. e4 g6 12. Rad1 Ng7 13. c4 Nf6 14. a3 a6 15.
Ne5 Qb6 16. Re3 Rad8 17. Rh3 Nfh5 18. Qe3 f6 19. Ng4 Qc7 20. Rf3 f5 21. exf5
exf5 22. Nh6+ Kh8 23. g4 f4 24. Qd3 Nf6 25. Rh3 Ne6 26. Nf3 0-1

[Event "BALKAN AMATEUR CHESS FESTIVAL"]
[Site "Belogradchik, hotel Skalite"]
[Date "2010.09.07"]
[Round "3.11"]
[White "Mishev, Liubomir"]
[Black "Angelov, Boyan"]
[Result "1/2-1/2"]
[WhiteElo "2232"]
[BlackElo "2062"]
[PlyCount "96"]
[EventDate "2010.09.06"]

1. e4 e5 2. Nf3 Nc6 3. Bb5 a6 4. Ba4 d6 5. c3 Bd7 6. O-O Nge7 7. d4 Ng6 8. Re1
Be7 9. d5 Nb8 10. c4 O-O 11. Nc3 Bg4 12. h3 Bc8 13. Be3 h6 14. Ne2 Bg5 15. Qd2
Bxe3 16. Qxe3 Nd7 17. Bxd7 Bxd7 18. c5 f5 19. exf5 Bxf5 20. Nd2 Qf6 21. Rac1
Rf7 22. b4 Raf8 23. Rf1 Ne7 24. Qb3 g5 25. Rc3 Ng6 26. f3 Nf4 27. Ng3 h5 28.
Re1 Rg7 29. Nde4 Qg6 30. cxd6 cxd6 31. Nxf5 Rxf5 32. Qc2 Rf8 33. Rc8 Rd7 34.
Rc1 Qf5 35. Rxf8+ Kxf8 36. Qc8+ Ke7 37. Rc7 b6 38. Nf6 Qb1+ 39. Kh2 Rxc7 40.
Qxc7+ Kxf6 41. Qxd6+ Kf7 42. Qd7+ Kg6 43. Qe8+ Kh6 44. Qf8+ Kh7 45. Qf7+ Kh6
46. Qf8+ Kg6 47. Qe8+ Kf6 48. Qf8+ Kg6 1/2-1/2

[Event "BALKAN AMATEUR CHESS FESTIVAL"]
[Site "Belogradchik, hotel Skalite"]
[Date "2010.09.07"]
[Round "3.12"]
[White "Reinwald, Patrick"]
[Black "Primbetov, Kazbek"]
[Result "1/2-1/2"]
[WhiteElo "2093"]
[BlackElo "2221"]
[PlyCount "69"]
[EventDate "2010.09.06"]

1. d4 Nf6 2. c4 e6 3. Nc3 d5 4. cxd5 exd5 5. Bg5 Be7 6. Qc2 O-O 7. e3 c6 8. Bd3
h6 9. Bh4 Re8 10. Nge2 Nbd7 11. O-O Ne4 12. Bxe7 Qxe7 13. Bxe4 dxe4 14. d5 Nf6
15. Rfd1 Qe5 16. dxc6 bxc6 17. Na4 Ba6 18. Ng3 Bd3 19. Qc5 Qc7 20. Rac1 Rac8
21. Qa3 h5 22. h3 Re5 23. Nc5 Bb5 24. Qb4 a5 25. Qd4 Rce8 26. a4 h4 27. Ngxe4
Nxe4 28. axb5 Rd5 29. Na6 Qd8 30. Qa4 cxb5 31. Rxd5 Qxd5 32. Qxa5 Qf5 33. Rc2
Ng3 34. Qd2 Ne4 35. Qd4 1/2-1/2

[Event "BALKAN AMATEUR CHESS FESTIVAL"]
[Site "Belogradchik, hotel Skalite"]
[Date "2010.09.07"]
[Round "3.13"]
[White "Petrovic, Milan"]
[Black "Janachkov, Angel"]
[Result "0-1"]
[WhiteElo "1974"]
[BlackElo "2212"]
[PlyCount "83"]
[EventDate "2010.09.06"]

1. e4 Nc6 2. Nf3 g6 3. d4 Bg7 4. Bb5 a6 5. Ba4 b5 6. Bb3 Na5 7. O-O Nxb3 8.
axb3 Bb7 9. Re1 d6 10. Bf4 Nf6 11. e5 Nh5 12. exd6 cxd6 13. Bg5 Nf6 14. Nbd2 h6
15. Bxf6 Bxf6 16. Ne4 Bg7 17. Qd3 O-O 18. Re3 Rc8 19. c3 f5 20. Neg5 hxg5 21.
Nxg5 e5 22. Ne6 Qf6 23. Nxf8 e4 24. Nh7 Kxh7 25. Rh3+ Kg8 26. Qe2 Rf8 27. d5
Qe5 28. Rg3 Kf7 29. h4 Bf6 30. h5 g5 31. h6 g4 32. Ra2 Rh8 33. c4 b4 34. Ra4
Rxh6 35. Rxb4 Bc8 36. Qe3 f4 37. Qa7+ Kg6 38. Qb8 fxg3 39. Qxc8 gxf2+ 40. Kxf2
Qxb2+ 41. Kg3 Qc3+ 42. Kf2 0-1

[Event "BALKAN AMATEUR CHESS FESTIVAL"]
[Site "Belogradchik, hotel Skalite"]
[Date "2010.09.07"]
[Round "3.14"]
[White "Krustev, Vasil"]
[Black "Milchev, Miroslav"]
[Result "1/2-1/2"]
[WhiteElo "2012"]
[BlackElo "2200"]
[PlyCount "70"]
[EventDate "2010.09.06"]

1. d4 Nf6 2. Nf3 d5 3. c4 e6 4. e3 c5 5. Nc3 Nc6 6. cxd5 Nxd5 7. Nxd5 Qxd5 8.
Bb5 cxd4 9. Bxc6+ bxc6 10. Qxd4 Ba6 11. Qxd5 cxd5 12. Bd2 Rc8 13. Bc3 f6 14.
Nd4 Kf7 15. f3 e5 16. Nc2 Bc5 17. O-O-O Rhd8 18. Kb1 Ke6 19. Rhe1 h5 20. Nb4
Bb5 21. Nd3 Bb6 22. f4 Bxd3+ 23. Rxd3 Rc4 24. g3 Re4 25. Kc2 g5 26. Bd2 gxf4
27. gxf4 Rg8 28. fxe5 fxe5 29. Re2 d4 30. Rb3 dxe3 31. Bxe3 Bxe3 32. Kd3 Rh4
33. Rxe3 Rd4+ 34. Kc2 Rg2+ 35. Kb1 Rf4 1/2-1/2

[Event "BALKAN AMATEUR CHESS FESTIVAL"]
[Site "Belogradchik, hotel Skalite"]
[Date "2010.09.07"]
[Round "3.15"]
[White "Petrov, Martin"]
[Black "Ivanov, Bogidar"]
[Result "0-1"]
[WhiteElo "1858"]
[BlackElo "2188"]
[PlyCount "82"]
[EventDate "2010.09.06"]

1. e4 Nf6 2. Nc3 d5 3. exd5 Nxd5 4. Bc4 Nb6 5. Bb3 c5 6. d3 Nc6 7. Be3 Nd4 8.
Bxd4 cxd4 9. Ne4 e6 10. Nf3 Be7 11. O-O O-O 12. Re1 Kh8 13. Qd2 f6 14. Ng3 e5
15. Nh4 Nd5 16. Nhf5 Bb4 17. Qe2 Nf4 18. Qe4 Bxe1 19. Rxe1 Rb8 20. Ne2 Qa5 21.
Neg3 Bd7 22. Rd1 Bc6 23. Qe1 Qxe1+ 24. Rxe1 Nxg2 25. Rd1 Bf3 26. Rd2 Rbd8 27.
Ne4 g6 28. Nfd6 Nh4 29. Kf1 f5 30. Nf7+ Rxf7 31. Bxf7 fxe4 32. Bb3 e3 33. fxe3
dxe3 34. Re2 Bxe2+ 35. Kxe2 Ng2 36. Kf3 Rf8+ 37. Kxg2 e2 38. Bd5 e1=Q 39. Bxb7
Qf2+ 40. Kh3 Rf4 41. Be4 Rh4# 0-1

[Event "BALKAN AMATEUR CHESS FESTIVAL"]
[Site "Belogradchik, hotel Skalite"]
[Date "2010.09.07"]
[Round "3.16"]
[White "Enoiu, Alexandru-Ionut"]
[Black "Parvanov, Mitko"]
[Result "1-0"]
[WhiteElo "2187"]
[BlackElo "2032"]
[PlyCount "56"]
[EventDate "2010.09.06"]

1. d4 d5 2. Nf3 Nf6 3. c4 c6 4. Nc3 e6 5. cxd5 exd5 6. Qc2 Be7 7. Bg5 O-O 8. e3
Re8 9. Bd3 Nbd7 10. O-O h6 11. Bf4 Nh5 12. Nxd5 Nxf4 13. Nxf4 Bd6 14. Ne2 Nf8
15. Ng3 Bg4 16. Nd2 g6 17. Rae1 Rc8 18. Nc4 Bb8 19. f4 Qh4 20. Ne5 Bxe5 21.
fxe5 c5 22. Qf2 Be6 23. Ne4 Qxf2+ 24. Kxf2 Red8 25. Nd6 Rc7 26. Be4 Bxa2 27. b4
Ne6 28. bxc5 Rdd7 1-0

[Event "BALKAN AMATEUR CHESS FESTIVAL"]
[Site "Belogradchik, hotel Skalite"]
[Date "2010.09.07"]
[Round "3.17"]
[White "Petrov, Vladimir S"]
[Black "Ivanov, Borislav"]
[Result "0-1"]
[WhiteElo "1680"]
[BlackElo "2178"]
[PlyCount "80"]
[EventDate "2010.09.06"]

1. e4 c5 2. Nf3 d6 3. d4 cxd4 4. Nxd4 Nf6 5. Nc3 a6 6. Be3 e6 7. Be2 Qc7 8. O-O
Nc6 9. f4 Be7 10. Kh1 O-O 11. Qe1 Nxd4 12. Bxd4 b5 13. a3 Bb7 14. Bf3 Bc6 15.
Qg3 Qb7 16. e5 dxe5 17. Bxe5 Rfd8 18. Rae1 g6 19. Qh3 Rac8 20. Bxc6 Qxc6 21.
Qh6 Nh5 22. Ne4 f6 23. Bc3 Bf8 24. Nxf6+ Nxf6 25. Qh3 Ne4 26. Be5 Re8 27. Qe3
Nd6 28. Bc3 Bg7 29. Bxg7 Kxg7 30. Rd1 Nf5 31. Qe5+ Kg8 32. Rf2 Qc5 33. Qe1 Rc7
34. Re2 Qc6 35. Qb4 Rd7 36. Rde1 Rd4 37. Qa5 Rxf4 38. Qd2 Rd4 39. Qg5 Qd5 40.
Qf6 Rd8 0-1